Library Banner

Unwind: (Record no. 1394)

MARC details
000 -LEADER
fixed length control field 00444nam a2200169Ia 4500
001 - CONTROL NUMBER
control field 1085
008 - FIXED-LENGTH DATA ELEMENTS--GENERAL INFORMATION
fixed length control field 140313s9999 xx 000 0 und d
020 ## - INTERNATIONAL STANDARD BOOK NUMBER
International Standard Book Number 174114101x
040 ## - CATALOGING SOURCE
Transcribing agency PK-LaUMT
082 ## - DEWEY DECIMAL CLASSIFICATION NUMBER
Classification number 155.9042
Item number BUR-U
100 ## - MAIN ENTRY--PERSONAL NAME
Personal name Robert B. Burns
245 ## - TITLE STATEMENT
Title Unwind:
Remainder of title 10 ways to manage stress and imporve your wellbeing.
Statement of responsibility, etc Robert B. Burns
250 ## - EDITION STATEMENT
Edition statement 2nd
260 ## - PUBLICATION, DISTRIBUTION, ETC. (IMPRINT)
Place of publication, distribution, etc Kundli:
Name of publisher, distributor, etc Allen & Unwin,
Date of publication, distribution, etc 2004.
300 ## - PHYSICAL DESCRIPTION
Extent 257 p.
942 ## - ADDED ENTRY ELEMENTS (KOHA)
Koha item type Books
Holdings
Withdrawn status Lost status Damaged status Not for loan Home library Current library Date acquired Total Checkouts Full call number Barcode Date last seen Date checked out Price effective from Koha item type
        UMT Main Campus UMT Main Campus 2014-03-13 3 155.9042 BUR-U 35189 2023-05-02 2022-10-11 2014-03-13 Books